| 000 | 00424nam a22001217a 4500 | ||
|---|---|---|---|
| 082 | _aTHE 200 | ||
| 100 |
_aMUHAMMAD SARFARAZ _972660 |
||
| 245 | _aTH-SOF-0988-EVALUATION OF SCHEDULED INSPECTIONS (PERIODIC) OF FIXED-WING AIRCRAFT USING DATA ANALYSIS AND UNIFIED MODELLING TECHNIQUES | ||
| 260 |
_aNUST COLLEGE OF EME _bISLAMABAD _c2001 |
||
| 650 |
_a MS-EM-7 MSTHESIS _969831 |
||
| 700 |
_aDR NAWAR KHAN _918465 |
||
| 942 | _cCF | ||
| 999 |
_c578662 _d578662 |
||